Translation revision and post-editing / (Record no. 366518)
[ view plain ]
| 000 -LEADER | |
|---|---|
| fixed length control field | 00570nam a22001937a 4500 |
| 003 - CONTROL NUMBER IDENTIFIER | |
| control field | 0 |
| 005 - DATE AND TIME OF LATEST TRANSACTION | |
| control field | 20241011150205.0 |
| 008 - FIXED-LENGTH DATA ELEMENTS--GENERAL INFORMATION | |
| fixed length control field | 241011b xxu||||| |||| 00| 0 eng d |
| 020 ## - INTERNATIONAL STANDARD BOOK NUMBER | |
| International Standard Book Number | 9781639898367 |
| 050 ## - LIBRARY OF CONGRESS CALL NUMBER | |
| Classification number | P 308 |
| Item number | .Or76 2024 |
| 100 ## - MAIN ENTRY--PERSONAL NAME | |
| Personal name | O'Rourke, Barney, |
| Relator term | author. |
| 245 ## - TITLE STATEMENT | |
| Title | Translation revision and post-editing / |
| Statement of responsibility, etc | Barney O'Rourke. |
| 300 ## - PHYSICAL DESCRIPTION | |
| Extent | vii, 295 p. : |
| Other physical details | col. ill. ; |
| Dimensions | 23 cm. |
| 504 ## - BIBLIOGRAPHY, ETC. NOTE | |
| Bibliography, etc | Includes bibliographical references. |
| 650 ## - SUBJECT ADDED ENTRY--TOPICAL TERM | |
| Topical term or geographic name as entry element | Machine translating. |
| 650 ## - SUBJECT ADDED ENTRY--TOPICAL TERM | |
| Topical term or geographic name as entry element | Translating and interpreting. |
| 650 ## - SUBJECT ADDED ENTRY--TOPICAL TERM | |
| Topical term or geographic name as entry element | Editing. |
| 942 ## - ADDED ENTRY ELEMENTS (KOHA) | |
| Source of classification or shelving scheme | Library of Congress Classification |
| Koha item type | Books |
| Withdrawn status | Lost status | Source of classification or shelving scheme | Damaged status | Home library | Current library | Shelving location | Date acquired | Source of acquisition | Sub Shelving location | Total Checkouts | Full call number | Barcode | Date last seen | Price effective from | Koha item type |
|---|---|---|---|---|---|---|---|---|---|---|---|---|---|---|---|
| Library of Congress Classification | College Library | College Library | Reserve Section | 10/11/2024 | Library Fund | P 308 .Or76 2024 | C23792 | 10/11/2024 | 10/11/2024 | Books |